wierd place names - Statistics

General Stats
  • This quiz has been taken 18 times
  • The average score is 9 of 15
Answer Stats
Question Answer % Correct
Middelfart real
86%
Llanfairpwllgwyngyllgogerychwyrndrobwllllantysiliogogogoch real
86%
Ding Dong real
86%
Smelly ass fake
71%
Batman real
71%
Anus real
57%
Intercourse real
57%
Dildo real
57%
A real
57%
Fucking real
57%
Poverty fake
43%
Small Little Lady fake
43%
Wank real
43%
Hoes end fake
29%
Junaid fake
14%
No matching quizzes found
Score Distribution
Percent of People with Each Score
Percentile by Number Answered
Your Score History
You have not taken this quiz